• 首页
  • 本馆介绍
  • 公告通知
  • 最新文献
  • 馆藏检索
  • 电子资源
  • 读者导购
  • 参考咨询
  • 我的图书馆
  • 登录
  • 详细信息显示
  • 放入我的书架
  • 预约/预借图书
  • 作者相关作品
  • 分类相关作品
  • 丛书相关作品
  • 出版社相关作品

书目信息

  • 表格格式
  • 工作单格式
  • 卡片格式
题名:
建筑模型制作教程
    
 
作者: 黄信 , 张凌 , 曹喆 主编
分册:  
出版信息: 武汉   华中科技大学出版社  2017.1
页数: 110页
开本: 29cm
丛书名:
单 册:
中图分类: TU205
科图分类:
主题词: 模型(建筑)--制作--高等学校--教材
电子资源:
ISBN: 978-7-5680-2215-6
000 01012nam0 2200277 450
001 0400004755
005 20171026152257.95
010    @a978-7-5680-2215-6@dCNY45.00
100    @a20170328d2017 em y0chiy50 ea
101 0  @achi
102    @aCN@b420000
105    @aa z 000yy
106    @ar
200 1  @a建筑模型制作教程@9jian zhu mo xing zhi zuo jiao cheng@f黄信,张凌,曹喆主编
205    @a第2版
210    @a武汉@c华中科技大学出版社@d2017.1
215    @a110页@c彩图@d29cm
300    @a高等院校艺术学门类“十三五”规划教材 环境艺术设计类
330    @a本分为9章,分别是概述、建筑模型分类、常用建筑模型制作材料与工具、建筑模型制作前的准备工作、建筑模型制作实例解析、室内空间模型制作、建筑外环境模型制作、建筑模型作品欣赏、建筑模型制作参考图例。
606 0  @a模型(建筑)@x制作@x高等学校@j教材
690    @aTU205@v5
701  0 @a黄信@9huang xin@4主编
701  0 @a张凌@9zhang ling@4主编
701  0 @a曹喆@9cao zhe@4主编
801  0 @aCN@b91MARC@c20171024
905    @b1039180-4@dTU205@f5@e1336=2
    
    建筑模型制作教程/黄信,张凌,曹喆主编.-第2版.-武汉:华中科技大学出版社,2017.1
    110页:彩图;29cm
    高等院校艺术学门类“十三五”规划教材 环境艺术设计类
    
    ISBN 978-7-5680-2215-6:CNY45.00
    本分为9章,分别是概述、建筑模型分类、常用建筑模型制作材料与工具、建筑模型制作前的准备工作、建筑模型制作实例解析、室内空间模型制作、建筑外环境模型制作、建筑模型作品欣赏、建筑模型制作参考图例。
●
相关链接 在E读中查询图书 在五车中查询图书 在当当中查询图书 在豆瓣中查询图书


正题名:建筑模型制作教程     索取号:TU205/1336=2         预约/预借

序号 登录号 条形码 馆藏地/架位号 状态 备注
1 1039180   210391805   第二样本阅览室/ [索取号:TU205/1336=2] 在馆    
2 1039181   210391814   密集书库-物理学院/ [索取号:TU205/1336=2] 在馆    
3 1039182   210391823   第三借阅区/ [索取号:TU205/1336=2] 在馆    
4 1039183   210391832   第三借阅区/ [索取号:TU205/1336=2] 在馆    
5 1039184   210391841   第三借阅区/ [索取号:TU205/1336=2] 在馆    
唐山师范学院图书馆 欢迎您!
大连网信软件有限公司© 版权所有